Online
Catalog

La vida urbana en la región del caribe = the urban life in the caribbean region = la vie urbaine dans la region des caraibes : (Record no. 33583)

MARC details
000 -CABECERA
campo de control de longitud fija 01774nam a2200361 a 4500
001 - NÚMERO DE CONTROL
campo de control 000034092
003 - IDENTIFICADOR DEL NÚMERO DE CONTROL
campo de control DO-SdBNP
005 - FECHA Y HORA DE LA ÚLTIMA TRANSACCIÓN
campo de control 20251027110842.0
008 - DATOS DE LONGITUD FIJA--INFORMACIÓN GENERAL
campo de control de longitud fija 110923s2000 dr ac 000 0 spa d
040 ## - FUENTE DE LA CATALOGACIÓN
Centro catalogador/agencia de origen DO-SdBNP
Lengua de catalogación spa
Centro/agencia transcriptor BNPHU
041 17 - CÓDIGO DE LENGUA
Código de lengua del texto/banda sonora o título independiente spa
Fuente del código eng
Código de lengua original fre
082 ## - NÚMERO DE LA CLASIFICACIÓN DECIMAL DEWEY
Número de clasificación 745.723
Número de documento/Ítem V648u
245 03 - MENCIÓN DE TÍTULO
Título La vida urbana en la región del caribe = the urban life in the caribbean region = la vie urbaine dans la region des caraibes :
Resto del título primera exposición temática itinerante en la región /
Mención de responsabilidad, etc. textos Derek Walcott... [et al.] ; editor Marianne de Tolentino, Clara Caminero ; traducciones Ricardo Golibart, Nicolás Labrecque.
260 ## - PUBLICACIÓN, DISTRIBUCIÓN, ETC.
Lugar de publicación, distribución, etc. Santo Domingo :
Nombre del editor, distribuidor, etc. Centro Cultural Cariforo,
Fecha de publicación, distribución, etc. 2000.
300 ## - DESCRIPCIÓN FÍSICA
Extensión 104 p. :
Otras características físicas il. retrs. ;
Dimensiones 23 cm.
520 ## - SUMARIO, ETC.
Sumario, etc. Se presenta la exposición temática itinerante de 154 obras sobre el tema "La vida urbana en la región del Caribe", con 80 pinturas, 30 fotografías, 6 dibujos, 29 grabados, 9 instalaciones de 68 artistas caribeños. Se muestra un resumen curricular de los autores de los 15 países participantes.
546 ## - NOTA DE LENGUA/LENGUAJE
Nota de lengua/lenguaje Texto en español, inglés y francés.
590 ## - NOTA LOCAL (RLIN)
Nota local Inventariado, 2018/LP
650 #4 - PUNTO DE ACCESO ADICIONAL DE MATERIA--TÉRMINO DE MATERIA
Término de materia o nombre geográfico como elemento de entrada Arte caribeño
Subdivisión cronológica SIGLO XX
Subdivisión general Exposiciones
9 (RLIN) 59515
650 #4 - PUNTO DE ACCESO ADICIONAL DE MATERIA--TÉRMINO DE MATERIA
Término de materia o nombre geográfico como elemento de entrada Pintura caribeña
Subdivisión general Exposiciones
9 (RLIN) 59516
650 #4 - PUNTO DE ACCESO ADICIONAL DE MATERIA--TÉRMINO DE MATERIA
Término de materia o nombre geográfico como elemento de entrada Pintores caribeños
Subdivisión general Exposiciones
9 (RLIN) 59517
700 1# - PUNTO DE ACCESO ADICIONAL--NOMBRE DE PERSONA
Nombre de persona Walcott, Derek
9 (RLIN) 59518
700 1# - PUNTO DE ACCESO ADICIONAL--NOMBRE DE PERSONA
Nombre de persona Alexis, Gérald
9 (RLIN) 59519
700 1# - PUNTO DE ACCESO ADICIONAL--NOMBRE DE PERSONA
Nombre de persona Jansen, Betty
9 (RLIN) 59520
700 1# - PUNTO DE ACCESO ADICIONAL--NOMBRE DE PERSONA
Nombre de persona Poupeye, Veerle
9 (RLIN) 59521
700 1# - PUNTO DE ACCESO ADICIONAL--NOMBRE DE PERSONA
Nombre de persona Tolentino, Marianne de
9 (RLIN) 15222
700 1# - PUNTO DE ACCESO ADICIONAL--NOMBRE DE PERSONA
Nombre de persona Caminero, Clara,
Término indicativo de función/relación ed.
9 (RLIN) 59522
700 1# - PUNTO DE ACCESO ADICIONAL--NOMBRE DE PERSONA
Nombre de persona Golibart, Ricardo,
Término indicativo de función/relación tr.
9 (RLIN) 59523
700 1# - PUNTO DE ACCESO ADICIONAL--NOMBRE DE PERSONA
Nombre de persona Labrecque, Nicolás,
Término indicativo de función/relación tr.
9 (RLIN) 59524
710 22 - PUNTO DE ACCESO ADICIONAL--NOMBRE DE ENTIDAD CORPORATIVA
Nombre de entidad corporativa o nombre de jurisdicción como elemento de entrada Centro Cultural Cariforo
9 (RLIN) 68158
910 ## - DATOS DE OPCIÓN DEL USUARIO (OCLC)
Datos de opción del usuario Validado. Control de calidad EMS.
942 ## - ELEMENTOS DE PUNTO DE ACCESO ADICIONAL (KOHA)
Fuente del sistema de clasificación o colocación Dewey Decimal Classification
Tipo de ítem Koha Libro
Holdings
Estado de retiro Estado de pérdida Restricciones de uso No para préstamo Código de colección Localización permanente Ubicación/localización actual Ubicación en estantería Fecha de adquisición Número de inventario Total de préstamos Signatura topográfica completa Código de barras Fecha visto por última vez Número de copia Precio válido a partir de Tipo de ítem Koha
        Dominicana de Servicio General General Depósito 13.10.2011 LF1   745.723 V648u 34092-30 25.06.2020 e. 3 25.06.2020 Libro y Folleto Colección Dominicana de Servicio
      Excluido de préstamo Patrimonio Dominicano Patrimonio Dominicano Patrimonio Dominicano Depósito 23.09.2011 LF1   745.723 V648u 34092-10 25.06.2020   25.06.2020 Libro y Folleto Colección Patrimonio Dominicano
      Excluido de préstamo Patrimonio Dominicano Patrimonio Dominicano Patrimonio Dominicano Depósito 27.09.2011 LF1   745.723 V648u 34092-20 25.06.2020 e. 2 25.06.2020 Libro y Folleto Colección Patrimonio Dominicano

Powered by Koha